<?xml version="1.0" encoding="UTF-8"?>
<collection xmlns="http://www.loc.gov/MARC21/slim">
 <record>
  <leader>03035nam a22003497a 4500</leader>
  <controlfield tag="001">NCT_34771</controlfield>
  <controlfield tag="008">180509b        xxu||||| |||| 00| 0 vie d</controlfield>
  <datafield tag="999" ind1=" " ind2=" ">
   <subfield code="c">1679</subfield>
   <subfield code="d">1679</subfield>
  </datafield>
  <datafield tag="020" ind1=" " ind2=" ">
   <subfield code="c">51000</subfield>
  </datafield>
  <datafield tag="082" ind1="0" ind2="4">
   <subfield code="2">23rd ed.</subfield>
   <subfield code="a">614.4</subfield>
   <subfield code="b">D302</subfield>
  </datafield>
  <datafield tag="100" ind1="1" ind2=" ">
   <subfield code="a">Vũ Thị Hoàng Lan</subfield>
   <subfield code="e">Chủ biên</subfield>
  </datafield>
  <datafield tag="245" ind1="1" ind2="0">
   <subfield code="a">Dịch tễ học</subfield>
   <subfield code="b">: Sách đào tạo sau đại học Mã số: Đ.14.Y.05</subfield>
   <subfield code="c">Vũ Thị Hoàng Lan, Lã Ngọc Quang</subfield>
  </datafield>
  <datafield tag="260" ind1=" " ind2=" ">
   <subfield code="a">H.</subfield>
   <subfield code="b">Y học</subfield>
   <subfield code="c">2011</subfield>
  </datafield>
  <datafield tag="300" ind1=" " ind2=" ">
   <subfield code="a">202 tr.</subfield>
   <subfield code="b">Minh họa</subfield>
   <subfield code="c">27cm</subfield>
  </datafield>
  <datafield tag="500" ind1=" " ind2=" ">
   <subfield code="a">ĐTTS ghi: Bộ Y tế</subfield>
  </datafield>
  <datafield tag="520" ind1="3" ind2=" ">
   <subfield code="a">Nội dung bao gồm: khái niệm dịch tễ học, đo lường tần số bệnh trạng, sai số ngẫu  nhiên, sai số hệ thống và nhiễu, đánh giá căn nguyên, các loại thiết kế nghiên cứu dịch tễ học, giới thiệu các thiết kế đánh giá chương trình can thiệp y tế, sàng tuyển....</subfield>
  </datafield>
  <datafield tag="653" ind1=" " ind2=" ">
   <subfield code="a">Dược học</subfield>
  </datafield>
  <datafield tag="700" ind1="1" ind2=" ">
   <subfield code="a">Lã Ngọc Quang</subfield>
   <subfield code="e">Chủ biên</subfield>
  </datafield>
  <datafield tag="942" ind1=" " ind2=" ">
   <subfield code="2">ddc</subfield>
   <subfield code="c">BK</subfield>
  </datafield>
  <datafield tag="952" ind1=" " ind2=" ">
   <subfield code="0">0</subfield>
   <subfield code="1">0</subfield>
   <subfield code="2">ddc</subfield>
   <subfield code="4">0</subfield>
   <subfield code="6">614_400000000000000_D302</subfield>
   <subfield code="7">0</subfield>
   <subfield code="9">7983</subfield>
   <subfield code="a">000001</subfield>
   <subfield code="b">000001</subfield>
   <subfield code="d">2018-05-09</subfield>
   <subfield code="l">1</subfield>
   <subfield code="o">614.4 D302</subfield>
   <subfield code="p">MD.04171</subfield>
   <subfield code="r">2020-03-27</subfield>
   <subfield code="s">2020-03-21</subfield>
   <subfield code="v">51000.00</subfield>
   <subfield code="w">2018-05-09</subfield>
   <subfield code="y">BK</subfield>
  </datafield>
  <datafield tag="952" ind1=" " ind2=" ">
   <subfield code="0">0</subfield>
   <subfield code="1">0</subfield>
   <subfield code="2">ddc</subfield>
   <subfield code="4">0</subfield>
   <subfield code="6">614_400000000000000_D302</subfield>
   <subfield code="7">0</subfield>
   <subfield code="9">7984</subfield>
   <subfield code="a">000001</subfield>
   <subfield code="b">000001</subfield>
   <subfield code="d">2018-05-09</subfield>
   <subfield code="o">614.4 D302</subfield>
   <subfield code="p">MD.04172</subfield>
   <subfield code="r">2018-05-09</subfield>
   <subfield code="v">51000.00</subfield>
   <subfield code="w">2018-05-09</subfield>
   <subfield code="y">BK</subfield>
  </datafield>
  <datafield tag="952" ind1=" " ind2=" ">
   <subfield code="0">0</subfield>
   <subfield code="1">0</subfield>
   <subfield code="2">ddc</subfield>
   <subfield code="4">0</subfield>
   <subfield code="6">614_400000000000000_D302</subfield>
   <subfield code="7">0</subfield>
   <subfield code="9">7985</subfield>
   <subfield code="a">000001</subfield>
   <subfield code="b">000001</subfield>
   <subfield code="d">2018-05-09</subfield>
   <subfield code="o">614.4 D302</subfield>
   <subfield code="p">MD.04173</subfield>
   <subfield code="r">2018-05-09</subfield>
   <subfield code="v">51000.00</subfield>
   <subfield code="w">2018-05-09</subfield>
   <subfield code="y">BK</subfield>
  </datafield>
  <datafield tag="952" ind1=" " ind2=" ">
   <subfield code="0">0</subfield>
   <subfield code="1">0</subfield>
   <subfield code="2">ddc</subfield>
   <subfield code="4">0</subfield>
   <subfield code="6">614_400000000000000_D302</subfield>
   <subfield code="7">0</subfield>
   <subfield code="9">7986</subfield>
   <subfield code="a">000001</subfield>
   <subfield code="b">000001</subfield>
   <subfield code="d">2018-05-09</subfield>
   <subfield code="l">1</subfield>
   <subfield code="o">614.4 D302</subfield>
   <subfield code="p">MD.04174</subfield>
   <subfield code="r">2019-05-22</subfield>
   <subfield code="s">2019-05-21</subfield>
   <subfield code="v">51000.00</subfield>
   <subfield code="w">2018-05-09</subfield>
   <subfield code="y">BK</subfield>
  </datafield>
  <datafield tag="952" ind1=" " ind2=" ">
   <subfield code="0">0</subfield>
   <subfield code="1">0</subfield>
   <subfield code="2">ddc</subfield>
   <subfield code="4">0</subfield>
   <subfield code="6">614_400000000000000_D302</subfield>
   <subfield code="7">0</subfield>
   <subfield code="9">7987</subfield>
   <subfield code="a">000001</subfield>
   <subfield code="b">000001</subfield>
   <subfield code="d">2018-05-09</subfield>
   <subfield code="o">614.4 D302</subfield>
   <subfield code="p">MD.04175</subfield>
   <subfield code="r">2018-05-09</subfield>
   <subfield code="v">51000.00</subfield>
   <subfield code="w">2018-05-09</subfield>
   <subfield code="y">BK</subfield>
  </datafield>
  <datafield tag="952" ind1=" " ind2=" ">
   <subfield code="0">0</subfield>
   <subfield code="1">0</subfield>
   <subfield code="2">ddc</subfield>
   <subfield code="4">0</subfield>
   <subfield code="6">614_400000000000000_D302</subfield>
   <subfield code="7">0</subfield>
   <subfield code="9">7988</subfield>
   <subfield code="a">000001</subfield>
   <subfield code="b">000001</subfield>
   <subfield code="d">2018-05-09</subfield>
   <subfield code="l">1</subfield>
   <subfield code="o">614.4 D302</subfield>
   <subfield code="p">MD.04176</subfield>
   <subfield code="r">2019-05-22</subfield>
   <subfield code="s">2019-05-21</subfield>
   <subfield code="v">51000.00</subfield>
   <subfield code="w">2018-05-09</subfield>
   <subfield code="y">BK</subfield>
  </datafield>
  <datafield tag="952" ind1=" " ind2=" ">
   <subfield code="0">0</subfield>
   <subfield code="1">0</subfield>
   <subfield code="2">ddc</subfield>
   <subfield code="4">0</subfield>
   <subfield code="6">614_400000000000000_D302</subfield>
   <subfield code="7">0</subfield>
   <subfield code="9">7989</subfield>
   <subfield code="a">000001</subfield>
   <subfield code="b">000001</subfield>
   <subfield code="d">2018-05-09</subfield>
   <subfield code="l">3</subfield>
   <subfield code="o">614.4 D302</subfield>
   <subfield code="p">MD.04177</subfield>
   <subfield code="r">2020-12-23</subfield>
   <subfield code="s">2020-12-08</subfield>
   <subfield code="v">51000.00</subfield>
   <subfield code="w">2018-05-09</subfield>
   <subfield code="y">BK</subfield>
  </datafield>
  <datafield tag="952" ind1=" " ind2=" ">
   <subfield code="0">0</subfield>
   <subfield code="1">0</subfield>
   <subfield code="2">ddc</subfield>
   <subfield code="4">0</subfield>
   <subfield code="6">614_400000000000000_D302</subfield>
   <subfield code="7">0</subfield>
   <subfield code="9">7990</subfield>
   <subfield code="a">000001</subfield>
   <subfield code="b">000001</subfield>
   <subfield code="d">2018-05-09</subfield>
   <subfield code="l">1</subfield>
   <subfield code="o">614.4 D302</subfield>
   <subfield code="p">MD.04178</subfield>
   <subfield code="r">2019-09-03</subfield>
   <subfield code="s">2019-08-29</subfield>
   <subfield code="v">51000.00</subfield>
   <subfield code="w">2018-05-09</subfield>
   <subfield code="y">BK</subfield>
  </datafield>
  <datafield tag="952" ind1=" " ind2=" ">
   <subfield code="0">0</subfield>
   <subfield code="1">0</subfield>
   <subfield code="2">ddc</subfield>
   <subfield code="4">0</subfield>
   <subfield code="6">614_400000000000000_D302</subfield>
   <subfield code="7">0</subfield>
   <subfield code="9">7991</subfield>
   <subfield code="a">000001</subfield>
   <subfield code="b">000001</subfield>
   <subfield code="d">2018-05-09</subfield>
   <subfield code="l">3</subfield>
   <subfield code="o">614.4 D302</subfield>
   <subfield code="p">MD.04179</subfield>
   <subfield code="r">2020-12-23</subfield>
   <subfield code="s">2020-12-05</subfield>
   <subfield code="v">51000.00</subfield>
   <subfield code="w">2018-05-09</subfield>
   <subfield code="y">BK</subfield>
  </datafield>
  <datafield tag="952" ind1=" " ind2=" ">
   <subfield code="0">0</subfield>
   <subfield code="1">0</subfield>
   <subfield code="2">ddc</subfield>
   <subfield code="4">0</subfield>
   <subfield code="6">614_400000000000000_D302</subfield>
   <subfield code="7">0</subfield>
   <subfield code="9">19582</subfield>
   <subfield code="a">000001</subfield>
   <subfield code="b">000001</subfield>
   <subfield code="d">2020-05-26</subfield>
   <subfield code="o">614.4 D302</subfield>
   <subfield code="p">MD.17179</subfield>
   <subfield code="r">2020-05-26</subfield>
   <subfield code="v">47000.00</subfield>
   <subfield code="w">2020-05-26</subfield>
   <subfield code="y">BK</subfield>
  </datafield>
  <datafield tag="952" ind1=" " ind2=" ">
   <subfield code="0">0</subfield>
   <subfield code="1">0</subfield>
   <subfield code="2">ddc</subfield>
   <subfield code="4">0</subfield>
   <subfield code="6">614_400000000000000_D302</subfield>
   <subfield code="7">0</subfield>
   <subfield code="9">19583</subfield>
   <subfield code="a">000001</subfield>
   <subfield code="b">000001</subfield>
   <subfield code="d">2020-05-26</subfield>
   <subfield code="o">614.4 D302</subfield>
   <subfield code="p">MD.17180</subfield>
   <subfield code="r">2020-05-26</subfield>
   <subfield code="v">47000.00</subfield>
   <subfield code="w">2020-05-26</subfield>
   <subfield code="y">BK</subfield>
  </datafield>
  <datafield tag="952" ind1=" " ind2=" ">
   <subfield code="0">0</subfield>
   <subfield code="1">0</subfield>
   <subfield code="2">ddc</subfield>
   <subfield code="4">0</subfield>
   <subfield code="6">614_400000000000000_D302</subfield>
   <subfield code="7">0</subfield>
   <subfield code="9">19584</subfield>
   <subfield code="a">000001</subfield>
   <subfield code="b">000001</subfield>
   <subfield code="d">2020-05-26</subfield>
   <subfield code="l">1</subfield>
   <subfield code="o">614.4 D302</subfield>
   <subfield code="p">MD.17181</subfield>
   <subfield code="r">2020-12-21</subfield>
   <subfield code="s">2020-12-07</subfield>
   <subfield code="v">47000.00</subfield>
   <subfield code="w">2020-05-26</subfield>
   <subfield code="y">BK</subfield>
  </datafield>
  <datafield tag="980" ind1=" " ind2=" ">
   <subfield code="a">Thư viện Trường Đại học Nam Cần Thơ</subfield>
  </datafield>
 </record>
</collection>
